| 000 | 00448nam a2200157Ia 4500 | ||
|---|---|---|---|
| 008 | 160316s2000 xxu||||| |||| 00| 0 eng d | ||
| 082 |
_a346.066460 _bGAR |
||
| 100 | _aGarg R K | ||
| 245 | _aHandbook on project reports : Contents, preparation , analysis and financing | ||
| 250 | _a | ||
| 260 |
_aNew Delhi _bBharat Publishing House _c2000 |
||
| 300 |
_a267p _b _c |
||
| 365 | _b Gratis | ||
| 650 | _a1. Project Reports - Handbook | ||
| 700 |
_a _a |
||
| 999 |
_c24358 _d24358 |
||